[Event "XLII San Sebastian Open 2019"]
[Site "San Sebastian"]
[Date "2019.04.13"]
[Round "1.1"]
[White "Svyatoslav, Vorobyev"]
[Black "Vazquez Igarza, Renier"]
[Result "0-1"]
[WhiteElo "1835"]
[BlackElo "2548"]
[Annotator "RC"]
[PlyCount "44"]
[EventDate "2019.04.13"]
[EventType "swiss"]
[EventCountry "ESP"]
[SourceTitle "playchess.com"]
[Source "ChessBase"]
[SourceQuality "1"]
[TimeControl "5400+30"]

1. Nf3 {[%emt 0:00:00]} Nf6 {[%emt 0:03:51]} 2. g3 {[%emt 0:00:00]} g6 {[%emt 0:02:37]} 3. Bg2 {[%emt 0:00:00]} Bg7 {[%emt 0:00:01]} 4. O-O {[%emt 0:00:13]} O-O {[%emt 0:00:07]} 5. d4 {[%emt 0:00:02]} d5 {[%emt 0:01:53]} 6. Ne5 {[%emt 0:00:24]} c5 {[%emt 0:03:19]} 7. c3 {[%emt 0:01:46]} Nc6 {[%emt 0:00:48]} 8. h3 {[%emt 0:22:08]} Qb6 {[%emt 0:01:12]} 9. dxc5 {[%emt 0:03:21]} Qxc5 {[%emt 0:01:12]} 10. Be3 {[%emt 0:01:09]} Qd6 {[%emt 0:00:45]} 11. Nd3 {[%emt 0:03:36]} Rd8 {[%emt 0:03:26]} 12. Na3 {[%emt 0:01:18]} e5 {[%emt 0:04:52]} 13. Nb5 {[%emt 0:12:38]} Qb8 {[%emt 0:00:46]} 14. a4 {[%emt 0:16:58]} Ne4 {[%emt 0:08:51]} 15. Nb4 {[%emt 0:12:40]} Be6 {[%emt 0:05:38]} 16. Qd3 {[%emt 0:11:19]} a6 {[%emt 0:01:09]} 17. Nxc6 {[%emt 0:04:22]} bxc6 {[%emt 0:00:09]} 18. Na7 {[%emt 0:03:50]} Qb7 {[%emt 0:03:34]} 19. b4 {[%emt 0:02:49]} c5 {[%emt 0:05:29]} 20. bxc5 {[%emt 0:00:52]} Qxa7 {[%emt 0:00:30]} 21. Rab1 {[%emt 0:00:34]} Nxc5 {[%emt 0:00:48]} 22. Qd2 {[%emt 0:00:16]} Qc7 {[%emt 0:00:20]} 0-1

[Event "XLII San Sebastian Open 2019"]
[Site "San Sebastian"]
[Date "2019.04.13"]
[Round "1.2"]
[White "Pulvett Marin, Daniel Eduardo"]
[Black "Sanchez Merino, Christian"]
[Result "1-0"]
[WhiteElo "2468"]
[BlackElo "1832"]
[Annotator "RC"]
[PlyCount "93"]
[EventDate "2019.04.13"]
[EventType "swiss"]
[EventCountry "ESP"]
[SourceTitle "playchess.com"]
[Source "ChessBase"]
[SourceQuality "1"]
[TimeControl "5400+30"]

1. d4 {[%emt 0:00:00]} g6 {[%emt 0:00:00]} 2. c4 {[%emt 0:00:30]} Bg7 {[%emt 0:00:30]} 3. e4 {[%emt 0:00:30]} d6 {[%emt 0:00:30]} 4. Nc3 {[%emt 0:00:30]} Nf6 {[%emt 0:00:30]} 5. Nf3 {[%emt 0:00:30]} O-O {[%emt 0:00:30]} 6. Be2 {[%emt 0:00:30]} Nc6 {[%emt 0:00:30]} 7. d5 {[%emt 0:00:30]} Nb8 {[%emt 0:00:30]} 8. O-O {[%emt 0:00:30]} e5 {[%emt 0:00:30]} 9. Bg5 {[%emt 0:00:30]} h6 {[%emt 0:00:30]} 10. Bh4 {[%emt 0:00:30]} g5 {[%emt 0:00:30]} 11. Bg3 {[%emt 0:00:30]} Nh7 {[%emt 0:00:30]} 12. Nd2 {[%emt 0:00:30]} Nd7 {[%emt 0:00:30]} 13. b4 {[%emt 0:00:30]} Ndf6 {[%emt 0:00:30]} 14. c5 {[%emt 0:00:30]} Nxe4 {[%emt 0:00:30]} 15. Ndxe4 {[%emt 0:00:30]} f5 {[%emt 0:00:30]} 16. Rc1 {[%emt 0:00:30]} fxe4 {[%emt 0:00:30]} 17. Nxe4 {[%emt 0:00:30]} Nf6 {[%emt 0:00:30]} 18. Nxf6+ {[%emt 0:00:30]} Qxf6 {[%emt 0:00:30]} 19. cxd6 {[%emt 0:00:30]} cxd6 {[%emt 0:00:30]} 20. Bh5 {[%emt 0:00:30]} Bf5 {[%emt 0:00:30]} 21. h3 {[%emt 0:00:30]} Rac8 {[%emt 0:00:30]} 22. Qa4 {[%emt 0:00:30]} a6 {[%emt 0:00:30]} 23. Qa5 {[%emt 0:00:30]} Qe7 {[%emt 0:00:30]} 24. Qb6 {[%emt 0:00:30]} Qd7 {[%emt 0:00:30]} 25. Kh2 {[%emt 0:00:30]} Rfd8 {[%emt 0:00:30]} 26. a4 {[%emt 0:00:30]} Bf6 {[%emt 0:00:30]} 27. Rfe1 {[%emt 0:00:30]} Be7 {[%emt 0:00:30]} 28. f3 {[%emt 0:00:30]} Rxc1 {[%emt 0:00:30]} 29. Rxc1 {[%emt 0:00:30]} Rc8 {[%emt 0:00:30]} 30. Rxc8+ {[%emt 0:00:30]} Qxc8 {[%emt 0:00:30]} 31. b5 {[%emt 0:00:30]} axb5 {[%emt 0:00:30]} 32. axb5 {[%emt 0:00:30]} Kg7 {[%emt 0:00:30]} 33. Bf2 {[%emt 0:00:30]} Kf6 {[%emt 0:00:30]} 34. f4 {[%emt 0:00:30]} Kg7 {[%emt 0:00:30]} 35. fxe5 {[%emt 0:00:30]} dxe5 {[%emt 0:00:30]} 36. d6 {[%emt 0:00:30]} Bd8 {[%emt 0:00:30]} 37. Qe3 {[%emt 0:00:30]} Qe6 {[%emt 0:00:30]} 38. Bg3 {[%emt 0:00:30]} e4 {[%emt 0:00:30]} 39. Qc3+ {[%emt 0:00:30]} Kh7 {[%emt 0:00:30]} 40. Bd1 {[%emt 0:00:30]} Qd5 {[%emt 0:00:30]} 41. Be2 {[%emt 0:00:30]} Qe6 {[%emt 0:00:30]} 42. Bc4 {[%emt 0:00:30]} Qe8 {[%emt 0:00:30]} 43. Qd4 {[%emt 0:00:30]} Kg6 {[%emt 0:00:30]} 44. Be5 {[%emt 0:00:30]} Kh7 {[%emt 0:00:30]} 45. Qd5 {[%emt 0:00:30]} e3 {[%emt 0:00:30]} 46. Qxb7+ {[%emt 0:00:30]} Qd7 {[%emt 0:00:30]} 47. Qd5 {[%emt 0:00:30]} 1-0

[Event "XLII San Sebastian Open 2019"]
[Site "San Sebastian"]
[Date "2019.04.13"]
[Round "1.3"]
[White "Pera Lucas, Eugeni"]
[Black "Del Rio De Angelis, Salvador G."]
[Result "0-1"]
[WhiteElo "1819"]
[BlackElo "2457"]
[Annotator "TA"]
[PlyCount "108"]
[EventDate "2019.04.13"]
[EventType "swiss"]
[EventCountry "ESP"]
[SourceTitle "playchess.com"]
[Source "ChessBase"]
[SourceQuality "1"]

{[%evp 25,108,-55,-53,-74,-86,-89,-87,-112,-126,-141,-135,-135,-118,-133,-123,-119,-45,-125,-88,-103,-95,-91,-54,-70,-64,-109,-111,-109,-114,-129,-129,-131,-110,-121,-132,-163,-136,-136,-120,-169,-150,-367,-371,-365,-361,-383,-381,-370,-301,-301,-296,-293,-275,-256,-283,-261,-241,-348,-350,-350,-350,-348,-348,-348,-313,-396,-380,-817,-810,-1895,-1892,-1365,-462,-1283,-1146,-1236,-1156,-29982,-29983,-29983,-29984,-29984,-4622,-29985,-29986]} 1. e4 e6 2. d4 d5 3. e5 c5 4. c3 Nc6 5. Nf3 Bd7 6. Bd3 cxd4 7. cxd4 Qb6 8. O-O Nxd4 9. Nxd4 Qxd4 10. Nc3 a6 11. Qe2 Ne7 12. Kh1 Nc6 13. f4 Nb4 14. Bb1 {C02: French: Advance Variation} (14. Rd1 Nxd3 15. Rxd3 Qc5 16. Be3 Qa5 17. f5 Bb5 18. fxe6 fxe6 19. Qg4 Bxd3 20. Qxe6+ Be7 21. Nxd5 Qd8 22. Rd1 Qd7 23. Qxd7+ Kxd7 24. Nb6+ Ke6 25. Nxa8 Rxa8 26. Rxd3 Rd8 27. Rxd8 Bxd8 {½-½ (27) Pilavov,G (2611)-Plokhotniuk,V (2352) Golubitskaya 2018}) 14... Qc4 15. Qxc4 dxc4 16. Be3 {Black is better.} Bc6 17. a3 $146 {[#]} ({Predecessor:} 17. Ne4 O-O-O 18. Ng5 Nd5 19. Bg1 Rd7 20. f5 Nc7 21. Nxh7 Rxh7 22. fxe6 {0-1 (31) Asensio Linan,T (2158)-Gomez Jurado,L (2297) La Pobla de Lillet 2013}) 17... Nd5 $1 {[%cal Rd5e3]} 18. Bd4 Be7 19. f5 exf5 20. Bxf5 Nc7 (20... Nxc3 $17 21. Bxc3 O-O) 21. Rae1 ({White should try} 21. Bb6 $15 Ne6 22. Ne4) 21... Ne6 22. Bb6 O-O 23. Ne4 a5 24. Nd6 Ra6 25. Bxe6 fxe6 26. Rxf8+ Bxf8 27. Bc7 b5 28. Kg1 Ra8 29. g3 Be7 30. h4 a4 31. Bb6 g5 32. hxg5 Bxg5 33. Be3 $2 (33. Bc5 $17 {keeps fighting.}) 33... Bxe3+ $19 34. Rxe3 {[%mdl 4096] Endgame [#] KRB-KRN} Rf8 $1 35. Re2 {and the idea Rf2 leaves White hopeful.} Rf3 36. Kh2 Kg7 37. Kh3 Kg6 38. Kh4 h5 39. Nc8 Rf1 40. Rh2 {Ne7+ is the strong threat.} ({Reject} 40. Ne7+ Kh6 $19) 40... Bf3 41. Nd6 Re1 42. Nxb5 Rxe5 43. Nc3 Re1 44. Nxa4 e5 45. Nc3 e4 46. Nd5 $2 (46. g4 hxg4 47. Kg3) 46... e3 47. Nf4+ Kf5 48. Nxh5 e2 (48... Rg1 $142 {( -> ...e2)} 49. g4+ Rxg4+ 50. Kh3 Rg5) 49. g4+ (49. Nf4 $142 Rf1 50. Nxe2 Bxe2 51. g4+ Bxg4 52. Rd2) 49... Bxg4 50. Rf2+ Ke5 {aiming for ...Rh1+.} 51. Kxg4 Rg1+ 52. Kf3 e1=Q {[%csl Ge5][%cal Re1e4]} 53. Re2+ {[#]} Qxe2+ $1 54. Kxe2 Rg5 {Accuracy: White = 42%, Black = 68%.} 0-1

[Event "XLII San Sebastian Open 2019"]
[Site "San Sebastian"]
[Date "2019.04.13"]
[Round "1.4"]
[White "Cifuentes Parada, Roberto"]
[Black "Esturo Loiola, Jon"]
[Result "1-0"]
[WhiteElo "2445"]
[BlackElo "1814"]
[Annotator "TA"]
[PlyCount "104"]
[EventDate "2019.04.13"]
[EventType "swiss"]
[EventCountry "ESP"]
[SourceTitle "playchess.com"]
[Source "ChessBase"]
[SourceQuality "1"]

{[%evp 15,104,41,53,21,29,15,31,32,39,26,23,34,75,72,77,68,63,53,62,48,50,38,33,0,0,2,6,4,0,0,0,0,0,0,0,0,0,0,0,0,2,14,73,41,62,85,75,76,50,70,62,52,40,44,352,346,469,466,468,468,467,466,408,400,527,527,495,447,607,611,728,720,684,678,678,652,560,593,5073,424,4694,3348,1216,994,5118,5065,5065,4694,1775,1408,683]} 1. d4 Nf6 2. Nf3 c5 3. c3 d5 4. e3 cxd4 5. exd4 Nc6 6. Bf4 Bf5 7. Qb3 {B13: Caro-Kann: Exchange Variation and Panov-Botvinnik Attack} Qb6 (7... Na5 8. Qa4+ Bd7 9. Qc2 Rc8 10. Nbd2 g6 11. Bd3 Bg7 12. O-O O-O 13. Ne5 Nc6 14. Nxc6 Bxc6 {0-1 (66) Eljanov,P (2680)-Saric,I (2690) chess.com INT 2019}) 8. Nbd2 e6 {LiveBook: 10 Games} 9. h3 {White is slightly better.} Be7 10. Be2 O-O 11. g4 $146 ({Predecessor:} 11. O-O Nd7 12. Rfe1 Qxb3 13. axb3 {1-0 (79) Tarr,S (1840)-Ho,M (1997) England 2017}) 11... Bg6 12. Nh4 Qxb3 13. axb3 {[%cal Ba2b3,Bb3b4][%mdl 32]} Ne4 14. Nxg6 fxg6 15. Be3 Nxd2 16. Kxd2 a6 17. f4 Rad8 18. b4 g5 19. fxg5 e5 20. b5 exd4 21. cxd4 Bb4+ 22. Kd3 axb5 23. Rhf1 Rfe8 24. Bd1 Ba5 25. Bb3 Bb6 26. Bg1 Na5 27. Bd1 Nc4 28. Ra2 Nd6 (28... Re7 $11 {remains equal.}) 29. Ra3 Rf8 30. Rxf8+ Rxf8 {[#]} 31. Be2 $1 Kf7 32. Bf3 Ke6 33. Ke2 Nc4 34. Rb3 Rxf3 $4 {[%mdl 8192]} ({Better is} 34... Kd6 $1 $14) 35. Rxf3 $18 Nxb2 $14 {[%mdl 4096] Endgame KRB-KBN} 36. Rb3 Nc4 37. Rxb5 Kd6 38. h4 {[%cal Bh3h4,Bh4h5][%mdl 32]} Kc6 39. Rb1 Bc7 40. Be3 {White is clearly winning.} b5 41. Bd2 Bg3 42. h5 Nxd2 43. Kxd2 $18 {KR-KB} Bf4+ 44. Kd3 Bxg5 45. Rb2 Be7 46. Ra2 h6 47. Ra7 (47. Ra6+ $142 Kd7 48. Rg6) 47... Kd6 (47... Bf6 $142 48. g5 Bxg5 49. Rxg7 Bf4 50. Rg6+ Kd7) 48. Ra6+ Kd7 49. Rg6 Bf6 {[#]} 50. g5 $1 {[%cal Rg5f6][%mdl 512]} Bxg5 51. Rxg7+ Ke6 52. Rb7 b4 {Precision: White = 70%, Black = 46%.} 1-0

[Event "XLII San Sebastian Open 2019"]
[Site "San Sebastian"]
[Date "2019.04.13"]
[Round "1.5"]
[White "Lertxundi Azpiazu, Jon"]
[Black "Harutjunyan, Gevorg"]
[Result "0-1"]
[WhiteElo "1806"]
[BlackElo "2440"]
[Annotator "TA"]
[PlyCount "96"]
[EventDate "2019.04.13"]
[EventType "swiss"]
[EventCountry "ESP"]
[SourceTitle "playchess.com"]
[Source "ChessBase"]
[SourceQuality "1"]

{[%evp 18,95,41,50,45,51,47,0,0,-51,-44,-50,0,-8,29,21,48,7,57,68,56,56,57,42,19,6,39,18,24,20,15,19,6,-30,-39,-404,-410,-693,-687,-882,-869,-811,-435,-599,-597,-608,-595,-554,-596,-574,-550,-548,-556,-726,-705,-772,-774,-763,-746,-695,-239,-222,0,-436,-380,-400,-283,-264,-129,-623,-425,-420,-418,-415,-411,-29995,-29996,-29996,-29993,-29999]} 1. d4 Nf6 2. c4 g6 3. Nc3 Bg7 4. e4 d6 5. Nf3 O-O 6. Be2 Nbd7 7. O-O e5 8. Qc2 exd4 9. Nxd4 Re8 10. Be3 c6 {E94: King's Indian: Classical: 6 Be2 e5 7 0-0: Various Black 7th moves} 11. Rfd1 (11. Rad1 a6 12. f3 Qc7 13. g4 h6 14. Qd2 Kh7 15. Nb3 Bf8 16. g5 hxg5 17. Bxg5 Nh5 18. f4 Ndf6 19. f5 {1-0 (42) Lysyj,I (2633)-Fedorov,A (2557) Moscow 2019}) 11... a6 12. a4 Qe7 $146 {[%cal Rf6e4] The position is equal.} ({Predecessor:} 12... a5 13. Nb3 Qc7 14. f3 Bf8 15. Qd2 Nh5 16. Rac1 Ng7 17. Bf1 Ne6 18. Nd4 {0-1 (28) Petrovic,T (1831)-Rakic,M (2345) Vrbas 2015}) 13. f3 ({Better is} 13. Bg5 $11) 13... d5 $1 $15 14. cxd5 Nxd5 {[%mdl 64] Pin} 15. Bf2 $1 (15. Nxd5 cxd5 16. Ra3 dxe4 $17) 15... Nf4 16. Bf1 Ne5 17. Nce2 Nh5 18. a5 c5 19. Nb3 c4 20. Nbd4 Bd7 21. Nc3 {Threatening Nd5.} Nf4 22. Be3 Ned3 23. Bxd3 Nxd3 24. Nd5 Qd6 $1 25. Rd2 Rac8 26. b3 $2 {[%mdl 8192] [#]} (26. Ne2 $1 $15) 26... Qxd5 $1 $19 {[%mdl 576] Remove Defender} 27. exd5 (27. bxc4 $142 Nb4 28. Qb3 Qxc4 29. Rb1) 27... Rxe3 28. Ne2 Bxa1 29. bxc4 Nc5 30. Qc1 Nb3 {[%mdl 64] Double Attack} 31. Qa3 Rxc4 32. Kf2 Ra4 {[%mdl 64] Double Attack} ({Less strong is} 32... Nxd2 33. Qxe3 Rc2 34. Qe7 $17) 33. Qd6 Nxd2 34. Qxd7 Raa3 35. Qc8+ Kg7 36. d6 Bf6 37. d7 Red3 38. Nf4 Rd4 $2 (38... Rd6 39. Qc7 Ra2) 39. Qc7 {Strongly threatening Ne6+!} Kh6 $2 (39... Bh4+ $19 40. g3 Rxf3+ 41. Kg2 Rfxf4 $1 {[%mdl 512]} 42. gxf4 Nc4 43. Qxb7 Ne3+ 44. Kf3 Nf5) 40. Qc8 $2 {[%mdl 8192]} (40. Qc5 $1 $11 {and White has nothing to worry.} Nc4 41. Qf8+ Kg5 42. Qc5+ Kh6 43. Qf8+ Kg5 44. Qc5+ Be5 45. Ne2 Rxd7 46. f4+ Kh6 47. fxe5) 40... Be7 41. Qe8 Bc5 ({Avoid the trap} 41... Rxf4 $2 42. Qxe7 Ne4+ 43. Ke2 $18) 42. Kg3 {[#]} Ne4+ {[#]} ({Not} 42... Rxa5 43. d8=Q $14) (42... Re3 $1 $19 {[%mdl 512] and Black stays clearly on top.} 43. d8=Q (43. Qxe3 Nf1+) 43... Rxe8 44. Qxe8 Bd6) 43. Kh3 $2 {[%mdl 8192]} (43. Qxe4 $1 $17 {[%mdl 512]} Rxe4 44. d8=Q) 43... Ng5+ {[%mdl 64] Discovered Attack} 44. Kg3 Bd6 45. d8=Q {Qf8+! would kill now.} Bxf4+ 46. Kg4 (46. Kf2 $19 Rxd8 47. Qxd8) 46... Bd6+ {Black mates.} 47. Qe4 Nxe4 {[%cal Re4f2]} 48. Kh3 Nf2# {Accuracy: White = 43%, Black = 73%.} 0-1

[Event "XLII San Sebastian Open 2019"]
[Site "San Sebastian"]
[Date "2019.04.13"]
[Round "1.6"]
[White "Alshameary Puente, Ismael"]
[Black "Cejudo Urdampilleta, Jose Manuel"]
[Result "1-0"]
[WhiteElo "2425"]
[BlackElo "1795"]
[Annotator "TA"]
[PlyCount "57"]
[EventDate "2019.04.13"]
[EventType "swiss"]
[EventCountry "ESP"]
[SourceTitle "playchess.com"]
[Source "ChessBase"]
[SourceQuality "1"]

{[%evp 27,57,108,119,106,111,118,112,108,118,112,127,103,100,76,112,97,116,109,187,183,193,178,690,694,692,693,738,740,711,710,687,668]} 1. d4 d5 2. c4 e6 3. Nc3 Nf6 4. cxd5 exd5 5. Bg5 Be7 6. e3 O-O 7. Bd3 c6 8. Qc2 h6 9. Bf4 Nbd7 10. Nf3 Re8 11. O-O Nh5 12. Nxd5 Nxf4 13. Nxf4 Bd6 14. Ne2 {[%cal Bf4e2,Be2c3,Bc3e4][%mdl 32]} Nf8 15. Bf5 {D36: Queen's Gambit Declined: Exchange Variation: Main line (5 Bg5 c6 6 Qc2)} Qf6 (15... Ne6 16. Nc3 Qa5 17. e4 g6 18. Bxe6 Bxe6 19. e5 Be7 20. h3 Rad8 21. Rad1 Kg7 22. a3 Rd7 {1-0 (66) Cvek,R (2517)-Motuz,K (2332) Vsetin 2015}) 16. Bxc8 Raxc8 17. Rad1 {White is better.} Qe7 $146 ({Predecessor:} 17... g5 18. Ng3 Bxg3 19. hxg3 Ng6 20. Qa4 b5 21. Qxa7 Ra8 22. Qc5 Rxa2 {1-0 (37) Sriram,J (2393)-Portugalera,R (2172) Vientiane 2018}) 18. Nc3 Ne6 19. e4 Bc7 20. Rfe1 Ng5 21. Nxg5 Qxg5 22. e5 Ba5 (22... c5 $16) 23. Ne4 $18 Qg6 24. Re3 {[#] Rg3 is the strong threat.} c5 $2 (24... Re6 25. Qe2 Rd8) 25. Rg3 {White is clearly winning.} cxd4 26. Qd3 ({Inferior is} 26. Rxg6 Rxc2 27. Nf6+ Kf8 $17) 26... Qe6 27. Nf6+ {[%mdl 64] [#] Double Attack} Kf8 28. Nxe8 Rxe8 29. Qa3+ {[%mdl 64] Double Attack. Accuracy: White = 87%, Black = 29%.} 1-0

[Event "XLII San Sebastian Open 2019"]
[Site "San Sebastian"]
[Date "2019.04.13"]
[Round "1.7"]
[White "Ballina Amandi, Casimiro"]
[Black "Suarez Garcia, Carlos"]
[Result "0-1"]
[WhiteElo "1790"]
[BlackElo "2424"]
[Annotator "TA"]
[PlyCount "58"]
[EventDate "2019.04.13"]
[EventType "swiss"]
[EventCountry "ESP"]
[SourceTitle "playchess.com"]
[Source "ChessBase"]
[SourceQuality "1"]

{[%evp 22,58,-46,-54,-32,-36,17,-34,0,-20,7,0,34,-21,32,41,34,-42,-32,0,0,-76,-72,-75,0,-105,-14,-28,-27,-438,-436,-413,-377,-421,-436,-556,-580,-560,-486]} 1. e4 c5 2. Nf3 e6 3. d3 d5 4. Nbd2 Nc6 5. g3 Nf6 6. Bg2 Be7 7. O-O O-O 8. Re1 Qc7 9. e5 Nd7 10. Qe2 b5 11. Nf1 a5 12. h4 Re8 {C00: French: Unusual White 2nd moves} (12... b4 13. Bf4 a4 14. a3 bxa3 15. bxa3 Ba6 16. N1h2 Rfc8 17. h5 h6 18. Ng4 Kh7 19. c4 dxc4 20. dxc4 Bb7 {1-0 (29) Movsesian,S (2658)-Stern,R (2538) Berlin 2015}) 13. Bf4 b4 (13... Bb7 $15) 14. N1h2 (14. Ne3 $11) 14... Ba6 {Black is slightly better.} 15. Qd2 c4 16. h5 Nc5 $146 {[%cal Rc4d3]} (16... c3 $5 17. bxc3 bxc3 $11) ({Predecessor:} 16... cxd3 17. cxd3 Nc5 18. Bf1 Rac8 19. Ng4 Qb6 20. Bg5 Qb7 21. Rac1 {1-0 (33) Roitburd,T (2090)-Euting,W (1799) Ruhrgebiet 2003}) 17. Bf1 (17. h6 $14) 17... c3 (17... b3 $1 $11) 18. bxc3 $14 bxc3 19. Qe2 ({White should play} 19. Qe3 $14) 19... Rab8 20. Ng4 Qd8 21. Reb1 (21. a3 $11) 21... Rb2 $36 {[%mdl 2048] ...Bxd3! is the strong threat. Black is on the roll.} 22. Qd1 Nb4 (22... Qb8 $17 23. h6 g6) 23. a3 {[#]} (23. h6 $11 {keeps the balance.}) 23... Nxc2 (23... Bxd3 $1 $17 {[%mdl 512]} 24. cxd3 c2 {[%mdl 64] Double Attack} 25. Rxb2 cxd1=N 26. Rxd1 Na4) 24. Rxb2 $11 Nxa1 25. Qxa1 $2 {[%mdl 8192]} (25. Ra2 $11 {and White stays safe.}) 25... cxb2 $19 26. Qxb2 Nxd3 27. Qc3 Nxf4 {Black is clearly winning.} 28. gxf4 Bxf1 29. Kxf1 Qb8 {Accuracy: White = 25%, Black = 23%.} 0-1

[Event "XLII San Sebastian Open 2019"]
[Site "San Sebastian"]
[Date "2019.04.13"]
[Round "1.8"]
[White "Alcazar Jimenez, Victor"]
[Black "Fernandez-Rivera Ortiz, Igor"]
[Result "1-0"]
[WhiteElo "2363"]
[BlackElo "1789"]
[Annotator "TA"]
[PlyCount "61"]
[EventDate "2019.04.13"]
[EventType "swiss"]
[EventCountry "ESP"]
[SourceTitle "playchess.com"]
[Source "ChessBase"]
[SourceQuality "1"]

{[%evp 15,61,9,8,8,34,9,33,9,20,0,45,44,104,-27,44,14,11,0,5,13,20,19,35,-13,35,29,114,120,440,418,477,487,477,447,568,533,572,572,633,636,875,860,987,968,999,991,976,875]} 1. c4 Nf6 2. Nc3 g6 3. g3 Bg7 4. Bg2 O-O 5. e3 d6 6. Nge2 e5 7. O-O Nbd7 8. d3 c6 {LiveBook: 4 Games. A24: English Opening vs King's Indian: Lines without ...Nc6} (8... Nh5 9. Rb1 f5 10. f4 Kh8 11. b4 Nhf6 12. a4 Rb8 13. b5 Nc5 14. Ba3 Ncd7 15. a5 Re8 16. Qd2 {1-0 (50) Sammour Hasbun,J (2463)-Jobava,B (2658) ICC INT 2008}) 9. b4 Qc7 10. b5 Rd8 $146 {The position is equal.} ({Predecessor:} 10... c5 11. Rb1 Rb8 12. b6 Nxb6 13. Nb5 Qd8 14. Nxa7 Bf5 15. Qb3 Nfd7 16. Nb5 {1-0 (26) Vasilevich,I (2320)-Malova,A (1950) Moscow 2015}) 11. bxc6 bxc6 12. Nb5 Qb6 13. Nxd6 Ba6 (13... Nc5 $14 14. Nxc8 Raxc8) 14. d4 (14. Ba3 $16) 14... Rab8 (14... Bf8 $1 $11 15. Ba3 Qa5) 15. Qa4 {[#] aiming for c5.} c5 16. Nb5 $1 $36 {[%mdl 2048] White has good play.} Bxb5 17. cxb5 cxd4 18. exd4 exd4 19. Bf4 ({Of course not} 19. Qxd4 Qxb5 20. Nc3 Qh5 $17) 19... Nc5 20. Qc4 $1 Rbc8 (20... Qxb5 $11 21. Rac1 Qxc4 22. Rxc4 Rb2 23. Nxd4 Nd3) 21. Nxd4 $16 {[%cal Be2d4,Bd4c6,Bc6e7][%mdl 32] Hoping for Nc6.} Ne6 $2 {[%mdl 8192]} (21... Ng4 $16 {is more resistant.} 22. Nc6 Bxa1) 22. Nc6 $18 Nxf4 23. Ne7+ {White is clearly winning.} ({Weaker is} 23. gxf4 Qc7 $16) ({Not} 23. Qxf4 Nh5 $18) 23... Kh8 24. Nxc8 Qd4 25. Qxd4 Ne2+ 26. Kh1 Rxd4 27. Nxa7 Rd2 28. b6 {[%cal Bb5b6,Bb6b7][%mdl 32]} Ng4 {[#]} 29. b7 $1 Rb2 30. Rae1 Be5 31. Bf3 {Precision: White = 33%, Black =  6%.} 1-0

[Event "XLII San Sebastian Open 2019"]
[Site "San Sebastian"]
[Date "2019.04.13"]
[Round "1.9"]
[White "Arocena Uria, Jaime"]
[Black "Alonso Arburu, Juan Ignacio"]
[Result "0-1"]
[WhiteElo "1783"]
[BlackElo "2341"]
[Annotator "TA"]
[PlyCount "38"]
[EventDate "2019.04.13"]
[EventType "swiss"]
[EventCountry "ESP"]
[SourceTitle "playchess.com"]
[Source "ChessBase"]
[SourceQuality "1"]

{[%evp 13,38,70,62,31,35,14,136,117,188,169,188,128,168,167,169,165,180,180,185,-175,-202,-181,-55,-316,-303,-325,-256]} 1. e4 e5 2. Nf3 Nc6 3. Bc4 Bc5 4. c3 Qe7 5. O-O d6 6. b4 {[%cal Bb2b4,Bb4b5][%mdl 32]} Bb6 7. a4 {[%cal Ba2a4,Ba4a5][%mdl 32]} a6 {LiveBook: 9 Games. C53: Giuoco Piano sidelines} (7... a5 8. b5 Nb8 9. d4 Bg4 10. h3 Bh5 11. Qd3 Nd7 12. Nbd2 Ngf6 13. Ba3 O-O-O 14. Rfe1 Rdg8 15. Bb3 Bxf3 16. Qxf3 {½-½ (30) Oleksienko,M (2543)-Lukjanenko,A (2375) Voronezh 2010}) 8. a5 Ba7 9. b5 Nb8 (9... axb5 $11 {keeps the balance.} 10. Bxb5 Nf6) 10. d4 $146 ({Predecessor:} 10. bxa6 Nxa6 11. d4 Nf6 12. Ba3 Nd7 13. Bb5 f6 14. Re1 O-O 15. Bxa6 bxa6 16. dxe5 Nxe5 {½-½ (25) Woerl,R (2037)-Roth,M (2184) Bad Woerishofen 2012}) 10... Nf6 (10... axb5 $16 11. Bxb5+ Nd7) 11. dxe5 dxe5 12. Ng5 (12. b6 $1 $18 {[%cal Rb6a7]} cxb6 13. Ng5) 12... O-O {[#]} 13. b6 $1 {[%cal Rb6a7]} cxb6 14. Ba3 $36 {[%mdl 2112] Skewer. Black is under strong pressure.} Qc7 15. Bxf8 Qxc4 {[#]} 16. Qd8 $4 {[%mdl 8192]} (16. Be7 $1 $18 {White threatens Qd8+ and mate.} Nc6 17. Na3 Qxc3 18. Rc1) 16... Nc6 $19 {[%mdl 64] Double Attack} 17. Qd6 h6 ({Better is} 17... bxa5 $19 {Strongly threatening ...Qe2.} 18. Nd2 Qxc3) 18. Nf3 $2 {[%mdl 8192]} (18. Nd2 $15 Qe2 19. Ngf3) 18... Nxe4 {[%mdl 64] Double Attack} 19. Qa3 Bg4 {Accuracy: White = 29%, Black = 25%.} ({Don't do} 19... bxa5 20. Nbd2 $19) 0-1